000 00286nam a22001337a 4500
003 SGT
082 _aARU 531
100 _aARULDHAS,G
245 _aCLASSICAL MECHANICS
260 _aNEW DELHI
_bPHI
_c2016
300 _a360
650 _aCLASSICAL MECHANICS, PHYSICS
942 _2ddc
_cFPS
999 _c10214
_d10214